00542nam a2200181Ia 4500008004100000020001800041082000800059100003500067245005700102250000600159260002700165300001500192500002400207650001500231942000700246952009000253999001700343230524s9999 xx 000 0 und d a9788181288332 bLYS aSergey Fdward Lyshevski942080 0aControl Systems Theory with Engineering Applictions a1 aBostoNbSpringerc2008 a"VI,415p;" aQuantity Number: 1 aElectrical cBK 00104070aTATCLbTATCLcGENd2023-05-24l0o LYSp53914r2023-05-24w2023-05-24yBK c56487d56487